University of Minnesota Campuses - Statistics

General Stats
  • This quiz has been taken 25 times
  • The average score is 4 of 5
Answer Stats
Answer % Correct
Duluth
95%
Twin Cities
95%
Rochester
77%
Crookston
55%
Morris
50%
No matching quizzes found
Score Distribution
Percent of People with Each Score
Percentile by Number Answered
Your Score History
You have not taken this quiz